Porovnaie dopadov zmien pri zdaňovaní príjmov zo závislej činnosti diplomová práca

Uložené v:
Podrobná bibliografia
Hlavný autor: Buzgóová, Denisa
Korporativný autor: Národohospodárska fakulta EU. Katedra financií
Ďalší autori: Borodovčák, Michal
Médium: Kniha
Jazyk:Slovak
Vydavateľské údaje: Bratislava 2008
Tagy: Pridať tag
Žiadne tagy, Buďte prvý, kto otaguje tento záznam!

MARC

LEADER 00000nam$a2200000$$$4500
001 0078644
005 20240201120023.4
041 0 |a slo 
044 |a SK 
245 1 0 |a Porovnaie dopadov zmien pri zdaňovaní príjmov zo závislej činnosti  |b diplomová práca  |c Denisa Buzgóová ; škol. Michal Borodovčák 
264 1 |a Bratislava  |c 2008 
300 |a 68 s. 
100 1 |a Buzgóová, Denisa 
700 1 |a Borodovčák, Michal 
710 2 |a Národohospodárska fakulta EU. Katedra financií